Bosnia and Herzegovina : unfinished business : hearing before the Subcommittee on Europe and Emerging Threats of the Committee on International Relations, House of Representatives, One Hundred Ninth Congress, first session, April 6, 2005.

Bibliographic Details
Corporate Authors: United States. Congress. House. Committee on International Relations. Subcommittee on Europe and Emerging Threats, ProQuest (Firm)
Format: eBook
Language:English
Published: Washington : U.S. G.P.O. : 2005.
Series:U.S. Congressional Hearings.
Subjects:
Online Access:Connect to the full text of this electronic book

MARC

Tag First Indicator Second Indicator Subfields
LEADER 00000cam a22000001a 4500
001 in00003332521
006 m d f
007 cr bn mmmapmmp
008 110909s2005 dcu o f000 0 eng d
005 20260504160740.3
035 |a chdc200500426 
040 |a ProQuest  |c ProQuest  |d UtOrBLW 
043 |a n-us--- 
074 |a 1017-A-01 
074 |a 1017-A-01 (online) 
074 |a 1017-B-01 (MF) 
074 |a 1017-B-01 (online) 
088 |a Serial no. 109-22 (United States. Congress. House. Committee on International Relations) 
099 |a HRG-2005-HIR-0198 
110 1 |a United States.  |b Congress.  |b House.  |b Committee on International Relations.  |b Subcommittee on Europe and Emerging Threats. 
245 1 0 |a Bosnia and Herzegovina :  |b unfinished business : hearing before the Subcommittee on Europe and Emerging Threats of the Committee on International Relations, House of Representatives, One Hundred Ninth Congress, first session, April 6, 2005. 
264 1 |a Washington :  |b U.S. G.P.O. :  |c 2005. 
264 2 |a Washington :  |b For sale by the Supt. of Docs., U.S. G.P.O., 
300 |a 1 online resource. 
336 |a text  |b txt  |2 rdacontent 
337 |a computer  |b c  |2 rdamedia 
338 |a online resource  |b cr  |2 rdacarrier 
500 |a Distributed to some depository libraries in microfiche. 
500 |a Shipping list number: 2005-0194-P. 
530 |a Also available via Internet from the Committee site. Address as of 8/2/05: http://wwwc.house.gov/international%5Frelations/109/20402.PDF; current access is available via PURL. 
500 |a "Serial number 109-22." 
500 |a Reuse of record except for individual research requires license from ProQuest, LLC. 
500 |a Electronic resource. 
538 |a System requirements: PDF reader software. 
650 0 |a Refugees  |z Bosnia and Hercegovina. 
650 0 |a Political stability  |z Bosnia and Hercegovina. 
650 0 |a Democratization  |z Bosnia and Hercegovina. 
651 0 |a Bosnia and Herzegovina  |x Politics and government  |y 1992- 
651 0 |a Bosnia and Herzegovina  |x History  |y Partition, 1995. 
651 0 |a Europe  |x Economic integration. 
655 7 |a Electronic books.  |2 local 
710 2 |a ProQuest (Firm) 
776 0 8 |i Print version:   |a United States.Congress.House.Committee on International Relations.Subcommittee on Europe and Emerging Threats.  |t Bosnia and Herzegovina  |w (DGPO)99176009  |z 0160747953 
776 0 8 |i Microfiche version:   |a United States.Congress.House.Committee on International Relations.Subcommittee on Europe and Emerging Threats.  |t Bosnia and Herzegovina  |d [Bethesda, Md.] : ProQuest LLC, [2004]  |o CIS 2005 H461-41  |w (ProQuest)cis00500572 
830 0 |a U.S. Congressional Hearings. 
856 4 0 |u http://proxy.library.tamu.edu/login?url=https://congressional.proquest.com/congcomp/getdoc?HEARING-ID=HRG-2005-HIR-0198  |z Connect to the full text of this electronic book  |t 0 
998 |a cis00500572 
999 |a MARS 
999 f f |s a01f7221-45f3-3447-a0ae-1f06b8261939  |i 1e6287ee-9f66-399f-82c3-811f8926e0a8  |t 0 
952 f f |a Texas A&M University  |b College Station  |c Electronic Resources  |s www_evans  |d Available Online  |t 0  |e HRG-2005-HIR-0198  |h Other scheme 
998 f f |a HRG-2005-HIR-0198  |t 0  |l Available Online